Aprenda todas las estrategias de la venta /
La autora propone un método que a corto plazo se consigue una sustancial mejora de su rendimiento. Contenido: Lunes: planificación de su éxito; Martes: conseguir experiencia en productos y servicios; Miércoles: descubrir los motivos de la compra; Jueves: Superar las objeciones; Viernes: presentacion...
Zapisane w:
| 1. autor: | |
|---|---|
| Format: | Książka |
| Język: | hiszpański |
| Wydane: |
Barcelona, España :
Gestión 2000,
2000, c2000
|
| Seria: | (Habilidades Directivas)
|
| Hasła przedmiotowe: | |
| Etykiety: |
Nie ma etykietki, Dołącz pierwszą etykiete!
|
MARC
| LEADER | 00000nam^a2200000^a^4500 | ||
|---|---|---|---|
| 001 | 000173927 | ||
| 005 | 20250521000000.0 | ||
| 009 | 20260310101512.069 | ||
| 020 | |a 84-8088-423-1 | ||
| 037 | |a Acervo ITESO - Biblioteca | ||
| 041 | |a ESP | ||
| 082 | |a 658. 8 |b HAR | ||
| 100 | |a Harvey, Christine |e (autor) | ||
| 245 | 1 | 0 | |a Aprenda todas las estrategias de la venta / |c C. Harvey ; tr. por Adolfo García. |
| 246 | 2 | |a Título en la cubierta: Aprenda todas las estrategias de la venta en una semana | |
| 264 | 4 | |a Barcelona, España : |b Gestión 2000, |c 2000, c2000 | |
| 300 | |a 85 p. | ||
| 336 | |a texto |b txt |2 rdacontenido | ||
| 337 | |a sin mediación |b n |2 rdamedio | ||
| 338 | |a volumen |b nc |2 rdasoporte | ||
| 440 | 1 | |a (Habilidades Directivas) | |
| 500 | |a Traducción de: Successful Selling | ||
| 520 | |a La autora propone un método que a corto plazo se consigue una sustancial mejora de su rendimiento. Contenido: Lunes: planificación de su éxito; Martes: conseguir experiencia en productos y servicios; Miércoles: descubrir los motivos de la compra; Jueves: Superar las objeciones; Viernes: presentaciones y cierres; Sábado: sistemas para provocar la acción; Domingo: Automotivación y sistemas de apoyo; Resumen de la semana. | ||
| 649 | |a XX | ||
| 650 | |a Ventas | ||
| 650 | |a Motivación | ||
| 650 | |a Estrategia Mercadotécnica | ||
| 650 | |a Mercadotecnia | ||
| 650 | |a Ciencias Administrativas | ||
| 910 | |a Fondo General | ||
| 920 | |a Impresos - Libros | ||
| 930 | |a Colección General | ||
| 905 | |a 101 | ||
| 901 | |a 0500111194 |b IT1 |c ACC |u 20250521 | ||
| 902 | |a https://opac.biblio.iteso.mx/vufind/Record/000173927 | ||